[Event "Open"]
[Site "Abudhabi UAE"]
[Date "2000.09.01"]
[Round "6"]
[White "Mirzoeva,E"]
[Black "Mirzoev,A"]
[Result "0-1"]
[WhiteElo "2296"]
[BlackElo "2414"]

1.Nf3 d5 2.g3 Nf6 3.Bg2 Bg4 4.b3 e6 5.Bb2 c5 6.Ne5 Bh5 7.c4 Be7 8.O-O O-O
9.d4 cxd4 10.Bxd4 Nc6 11.Nxc6 bxc6 12.Nd2 Qa5 13.a3 Qa6 14.Qe1 Rfd8 15.e3 Rac8
16.Bb2 Nd7 17.Bf3 Bxf3 18.Nxf3 Nc5 19.cxd5 cxd5 20.Qd1 f6 21.Rc1 e5 22.b4 Nd3
23.Qe2 Nxb4 24.Qd2 Rxc1 25.Rxc1 Nd3 26.Qe2 Nc5 27.Qxa6 Nxa6 28.Rc6 Rd6 29.Rc8+ Kf7
30.Ra8 Rd7 31.Bxe5 Bxa3 32.Bd4 Nc5 33.Kf1 Rc7 34.Ke2 Bb4 35.Ne1 a5 36.Nc2 Ne6
37.Nxb4 axb4 38.Kd3 Nxd4 39.exd4 b3 40.Rb8 Rc2 41.Ke3 b2 42.Rb6 h5 43.h3 g5
44.Kf3 Kg6 45.Rb5 h4 46.Ke3 Rc3+ 47.Ke2 hxg3 48.Rxb2 gxf2 49.Kxf2 Rxh3 50.Rb5 Kf5
51.Rxd5+ Ke4 52.Rd8 Rd3 53.Rd6 f5 54.Rg6 g4 55.Ke2 Rxd4  0-1

[Event "Borowski"]
[Site "Essen GER"]
[Date "2000.09.02"]
[Round "10"]
[White "Appel,R"]
[Black "Fridman,D"]
[Result "0-1"]
[WhiteElo "2481"]
[BlackElo "2550"]

1.Nf3 d5 2.g3 g6 3.Bg2 Bg7 4.O-O c5 5.d3 Nc6 6.e4 Nf6 7.Nbd2 O-O 8.Re1 e5
9.exd5 Nxd5 10.Nc4 Re8 11.Ng5 Nb6 12.Ne4 Nxc4 13.dxc4 Qxd1 14.Rxd1 Bg4 15.Rd6 Nd4
16.c3 Nf3+ 17.Kh1 Ne1 18.Bg5 Nxg2 19.Kxg2 Re6 20.f3 Rxd6 21.Nxd6 Be6 22.Be7 b6
23.Ne4 f5 24.Ng5 Bxc4 25.b3 Bd3 26.Re1 e4 27.Bd6 Re8 28.fxe4 fxe4 29.c4 Bc3
30.Rd1 h6 31.Nh3 e3 32.Nf4 e2 33.Nxe2 Rxe2+ 34.Kf3 Rd2 35.Rxd2 Bxd2 36.Bb8 a6
37.Bc7 Bb1 38.Ke2 Bb4  0-1

[Event "chT-POL"]
[Site "Zakopane chT"]
[Date "2000.09.03"]
[Round "2"]
[White "Dydyshko,V"]
[Black "Grabarczyk,M"]
[Result "1/2-1/2"]
[WhiteElo "2525"]
[BlackElo "2495"]

1.Nf3 d5 2.g3 Nf6 3.Bg2 c6 4.O-O Bg4 5.c4 e6 6.cxd5 Bxf3 7.Bxf3 cxd5 8.Nc3 Nc6
9.d3 Bc5 10.a3 O-O  1/2-1/2

[Event "Open"]
[Site "Cesenatico ITA"]
[Date "2000.09.04"]
[Round "2"]
[White "Di Lazzaro,G"]
[Black "Wittstock,B"]
[Result "0-1"]
[WhiteElo "2015"]
[BlackElo "2123"]

1.Nf3 d5 2.g3 c5 3.Bg2 Nf6 4.d3 Nc6 5.O-O Bf5 6.Nbd2 e6 7.Nh4 Bg4 8.c3 Be7
9.Re1 e5 10.h3 Be6 11.c4 Qd7 12.Kh2 g5 13.Nhf3 g4 14.hxg4 Nxg4+ 15.Kg1 h5
16.cxd5 Bxd5 17.Ne4 O-O-O 18.Bg5 Bxg5 19.Nexg5 h4 20.e4 hxg3 21.fxg3 Be6
22.Qc2 b6 23.Rad1 Nb4 24.Qe2 Bxa2 25.Bh3 f6 26.Nxe5 Qd4+ 27.Kg2 Qxe5 28.Bxg4+ Kb8
29.Nf3 Qc7 30.Nh4 Rdg8 31.Qf3 Rxh4 32.gxh4 Be6 33.Rd2 Bxg4 34.Qf2 Nxd3 35.Rxd3 Be2+
36.Kh1 Bxd3 37.Qh2 Rh8 38.Re3 Qxh2+ 39.Kxh2 Rxh4+ 40.Kg3 Rxe4 41.Rxd3 Rb4
42.Rf3 Rxb2 43.Rxf6 Kb7 44.Kf3 Rd2 45.Ke3 Rd8  0-1

[Event "chT-POL"]
[Site "Zakopane chT"]
[Date "2000.09.04"]
[Round "3"]
[White "Markowski,T"]
[Black "Dydyshko,V"]
[Result "1/2-1/2"]
[WhiteElo "2568"]
[BlackElo "2525"]

1.g3 d5 2.Nf3 Nf6 3.Bg2 c6 4.O-O Bg4 5.d3 e6 6.c4 Be7 7.h3 Bh5 8.g4 Bg6 9.Ne5 Nfd7
10.Nxg6 hxg6 11.Nd2 Ne5 12.b3 g5 13.d4 Ng6 14.Nf3 Nd7 15.Qc2 Rc8 16.Be3 Nf4
17.Bxf4 gxf4 18.Qd2 Bd6 19.Rac1 Nf8 20.b4  1/2-1/2

[Event "LVI ch-POR"]
[Site "Barreiro POR"]
[Date "2000.09.06"]
[Round "5"]
[White "Damaso,R"]
[Black "Fernandes,An"]
[Result "1-0"]
[WhiteElo "2386"]
[BlackElo "2438"]

1.Nf3 d5 2.g3 Nf6 3.Bg2 c6 4.O-O Bf5 5.d3 e6 6.c4 Nbd7 7.Nc3 h6 8.Be3 Be7
9.Qb3 Qc8 10.cxd5 exd5 11.Rfc1 O-O 12.Nd4 Bg4 13.Nxd5 Nxd5 14.Bxd5 Nc5 15.Nxc6 Nxb3
16.Nxe7+ Kh8 17.Rxc8 Nxa1 18.Rc1 Bxe2 19.Rxa1 Rad8 20.Bb3 Bxd3 21.Bxa7 Kh7
22.f3 f5 23.Rd1 Be2 24.Rxd8 Rxd8 25.Kf2 Bb5 26.Be3 g6 27.g4 fxg4 28.fxg4 Rf8+
29.Kg3 Be2 30.Bd5 Re8 31.Bc5 b6 32.Bb4 Kg7 33.h4 Kf6 34.Nc6 g5 35.h5 Kg7
36.Bc3+ Kf8 37.Ne5 Rd8 38.Be6 Rd1 39.Kf2 Bb5 40.Bb3 Rh1 41.a4 Ba6 42.Nd7+ Ke8
43.Nxb6 Rf1+ 44.Ke3 Rg1 45.Nd5 Bc8 46.a5 Kd8 47.Nf6 Bb7 48.Bc4 Rg3+ 49.Kd4 Rf3
50.Kc5  1-0

[Event "6th WUCC"]
[Site "Golden Sands BUL"]
[Date "2000.09.06"]
[Round "6"]
[White "Bojkov,D"]
[Black "Masserey,Y"]
[Result "1/2-1/2"]
[WhiteElo "2326"]
[BlackElo "2370"]

1.Nf3 d5 2.g3 e6 3.Bg2 c5 4.O-O Nc6 5.d3 g6 6.e4 Bg7 7.Nbd2 Nge7 8.Re1 O-O
9.e5 Qc7 10.Qe2 g5 11.Nxg5 Qxe5 12.Qxe5 Bxe5 13.Nb3 Bg7 14.c3 b6 15.Nf3 e5
16.Nh4 Ba6 17.Rd1 Rad8 18.Bf1 f5 19.a4 e4 20.dxe4 Bxf1 21.Rxf1 fxe4 22.Bg5 Rd7
23.f3 exf3 24.Rxf3 Rxf3 25.Nxf3 Ng6 26.Nbd2 Nge5 27.Ne1 d4 28.cxd4 Rxd4 29.Ra2 Nd3
30.Nxd3 Rxd3 31.Nc4 Rd1+ 32.Kg2 Nb4 33.Ra3 Rd4 34.b3 Rd1 35.Bf4 Rb1 36.Kh3 Kf7
37.a5 b5 38.Nd6+ Ke6 39.Nxb5 a6 40.Nc7+ Kd7 41.Kg4 Bb2 42.Ra4 Bd4 43.Ra3 Bb2
44.Ra4 Bd4  1/2-1/2

[Event "zt 1.1"]
[Site "Mondariz ESP"]
[Date "2000.09.06"]
[Round "4"]
[White "Chuchelov,V"]
[Black "Godena,M"]
[Result "1/2-1/2"]
[WhiteElo "2535"]
[BlackElo "2485"]

1.Nf3 d5 2.g3 Nc6 3.d4 Bf5 4.Bg2 Nb4 5.Na3 e6 6.O-O Be7 7.c3 Na6 8.Qb3 Qc8
9.Bg5 Bxg5 10.Nxg5 Nf6 11.e4 Nxe4 12.Nxe4 Bxe4 13.Bxe4 dxe4 14.Rae1 O-O 15.Rxe4 Rb8
16.Qb5 c5 17.Rd1 b6 18.Qe2 Qb7 19.Nb5 Rbd8 20.Rh4 Nb8 21.dxc5 Rxd1+ 22.Qxd1 bxc5
23.Qc2 h6 24.Nd6 Qd5 25.Nc4 Rd8 26.Ne3 Qc6 27.Ra4 Nd7 28.Qe4 Qxe4 29.Rxe4 Nb6
30.Re5  1/2-1/2

[Event "6th WUCC"]
[Site "Golden Sands BUL"]
[Date "2000.09.08"]
[Round "8"]
[White "Cukier,M"]
[Black "Pedersen,D"]
[Result "0-1"]
[WhiteElo "2167"]
[BlackElo "2324"]

1.Nf3 d5 2.g3 c6 3.Bg2 Bg4 4.O-O Nd7 5.d4 Ngf6 6.c4 e6 7.Qb3 Qb6 8.c5 Qc7
9.Bf4 Qc8 10.Nbd2 h6 11.h3 Bf5 12.g4 Bh7 13.Rac1 Ne4 14.Rfe1 Be7 15.Nxe4 Bxe4
16.Nd2 Bxg2 17.Kxg2 b6 18.cxb6 axb6 19.e4 dxe4 20.Nxe4 O-O 21.a3 Qb7 22.Qf3 Ra5
23.Rxc6 f5 24.gxf5 Raxf5 25.Rxe6 Qd5 26.Rxe7 Rxf4 27.Qg3 Rxf2+ 28.Kg1 R2f7
29.Qd6 Qf5 30.Qe6 Qxe6 31.Rxe6 Rf3 32.Kg2 Rd3 33.Rd6 Rf7 34.Re2 Rb3 35.Nf2 Nf6
36.Rd8+ Kh7 37.d5 Nh5 38.Rc2 Rg3+ 39.Kh2 Rff3 40.d6 Rg6 41.Rd2 Nf4 42.d7 Rg2+
43.Kh1 Rfg3 44.Rh8+ Kxh8 45.d8=Q+ Kh7 46.Qa8 Rg1+ 47.Kh2 R3g2+ 48.Qxg2 Rxg2+
49.Kh1 Rg3 50.h4 Kg6 51.Ne4 Re3 52.Nc3 Kh5 53.Rf2 g5 54.hxg5 hxg5 55.a4 Kg4
56.Kh2 Rh3+ 57.Kg1 Rxc3 58.bxc3 Nh3+ 59.Kg2 Nxf2 60.Kxf2 Kf4 61.c4 Ke4 62.Kg3 Kd4
63.Kg4 Kxc4 64.Kxg5 Kb4 65.Kf4 Kxa4 66.Ke4 b5 67.Kd3 Kb3 68.Kd2 Kb2  0-1

[Event "zt 1.1"]
[Site "Mondariz ESP"]
[Date "2000.09.08"]
[Round "6"]
[White "Miles,A"]
[Black "Arlandi,E"]
[Result "1/2-1/2"]
[WhiteElo "2584"]
[BlackElo "2437"]

1.g3 d5 2.Nf3 Nf6 3.Bg2 e6 4.O-O Be7 5.c4 O-O 6.b3 b6 7.Bb2 Bb7 8.e3 c5 9.Nc3 Nbd7
10.d3 Qc7 11.Qe2 Rad8 12.h3 Qb8 13.e4 dxe4 14.dxe4 Qa8 15.Rae1 Ne8 16.Kh2 Bf6
17.Bh1 Ne5 18.Nxe5 Bxe5 19.f4 Bd4 20.e5 Bxh1 21.Rxh1 Bxc3 22.Bxc3 Nc7 23.Rd1 Rxd1
24.Rxd1 Rd8 25.Rd6 Ne8 26.Rd3 Rxd3 27.Qxd3 h5 28.g4 hxg4 29.hxg4 Nc7 30.Be1 Na6
31.a3 Qe8 32.Kg3 Nb8 33.Qd6 Nc6 34.b4 cxb4 35.axb4 a6 36.Qc7 b5 37.Qb7 g5
38.cxb5 gxf4+ 39.Kxf4 axb5 40.Qxb5 Qd7 41.Bc3 Qc7 42.Qc5 Qb7 43.b5 Ne7 44.Bb4 Ng6+
45.Kg3 Qe4 46.Bc3 Qf4+ 47.Kg2 Nh4+ 48.Kg1 Nf3+ 49.Kg2 Nh4+ 50.Kg1 Qe4 51.Kf2 Qg2+
52.Ke1 Qc2 53.Kf1 Nf3 54.Qe3 Nh4 55.b6 Qg2+ 56.Ke1 Qd5 57.Ke2 Ng6 58.Qd4 Qg2+
59.Kd3 Kg7 60.Qb4 Qb7 61.Kc2 Ne7 62.Qc5 Nd5 63.Bd4 Qa6 64.Kb2 Qe2+ 65.Qc2 Qb5+
66.Qb3 Qe2+ 67.Ka3 Qa6+ 68.Kb2 Qe2+  1/2-1/2

[Event "It Gp A"]
[Site "Albacete ESP"]
[Date "2000.09.09"]
[Round "5"]
[White "Saldano,H"]
[Black "Perez,Rod"]
[Result "1/2-1/2"]
[WhiteElo "2299"]
[BlackElo "2478"]

1.Nf3 d5 2.g3 Nf6 3.Bg2 c6 4.O-O Nbd7 5.d3 e5 6.Nc3 Bd6 7.e4 O-O 8.Nd2 Nb6
9.a4 a5 10.exd5 Nfxd5 11.Nde4 Be7 12.Re1 Be6 13.h4 Qd7 14.Ng5 Bg4 15.f3 Bf5
16.Nxd5 Nxd5 17.g4 h6 18.gxf5 hxg5 19.hxg5 Qxf5 20.Qe2 Rfe8 21.Qe4 Qxe4 22.Rxe4 Nb4
23.Re2 Bc5+ 24.Kh2 g6 25.Ra3 Rad8 26.Rc3 Bd6 27.Rc4 e4+ 28.f4 exd3 29.Rxe8+ Rxe8
30.cxd3 Nxd3 31.Rd4 Nxc1 32.Rxd6 Ne2 33.f5 gxf5 34.Rd7 Nf4 35.Bf1 b6 36.Bc4 Nd5
37.g6 fxg6 38.Rd6 Kg7 39.Rxc6 Nb4 40.Rxb6 Re5 41.Rb7+ Kf6 42.Rb6+ Kg7 43.Rb7+ Kh6
44.Rb5 Rxb5 45.axb5 Kg5 46.b6 Nc6 47.Bb5 Nb8 48.Kg3 Kf6 49.b7 Ke5 50.Kf3 g5
51.Bd3 Ke6 52.Bc2  1/2-1/2

[Event "Open"]
[Site "Cesenatico ITA"]
[Date "2000.09.09"]
[Round "8"]
[White "Emami,M"]
[Black "Di Lao,R"]
[Result "0-1"]
[WhiteElo "2171"]
[BlackElo "2138"]

1.Nf3 d5 2.g3 c5 3.Bg2 Nc6 4.O-O e5 5.d3 f6 6.Nbd2 Be6 7.c4 d4 8.a3 Bd6 9.e3 dxe3
10.fxe3 Nge7 11.Nh4 O-O 12.Ne4 Qd7 13.Rf2 a5 14.b3 Rab8 15.Bd2 b5 16.Qc2 a4
17.bxa4 b4 18.axb4 Nxb4 19.Qc3 Nec6 20.Raf1 Be7 21.Nf5 Bxf5 22.Rxf5 Nxd3
23.Nxf6+ Bxf6 24.Bd5+ Kh8 25.Qxd3 Ne7 26.R5f2 Qxa4 27.e4 Rb3 28.Qe2 Nxd5
29.cxd5 Qd4 30.Kg2 c4 31.g4 h6 32.h4 Rd3 33.Bc1 Qc3 34.Rd1 Rg3+ 35.Kf1 Rh3
36.g5 Rh1+  0-1

[Event "It Gp A"]
[Site "Albacete ESP"]
[Date "2000.09.10"]
[Round "6"]
[White "Saldano,H"]
[Black "Korneev,O"]
[Result "0-1"]
[WhiteElo "2299"]
[BlackElo "2619"]

1.Nf3 d5 2.g3 c6 3.Bg2 Nf6 4.O-O Bg4 5.d3 Nbd7 6.Nbd2 e5 7.e4 Bd6 8.h3 Bh5
9.Qe1 O-O 10.Nh4 Re8 11.Nf5 Bf8 12.Nf3 dxe4 13.dxe4 Nc5 14.N3h4 a5 15.Bg5 Ne6
16.Be3 Qc7 17.f4 Nd7 18.Qf2 f6 19.Rae1 a4 20.a3 b5 21.fxe5 Nxe5 22.g4 Bf7
23.Kh1 c5 24.Nf3 Rad8 25.Rg1 Nxf3 26.Qxf3 Ng5 27.Bxg5 fxg5 28.Rgf1 Bc4 29.Rf2 Qe5
30.Ne3 Bd6 31.Bf1 Qxe4 32.Qxe4 Rxe4 33.Bg2 Re6 34.Rd2 Rde8 35.Red1 Bf4 36.Nxc4 Re1+
37.Bf1 Bxd2 38.Rxe1 Rxe1 39.Nxd2 Rd1  0-1

[Event "World Seniors"]
[Site "Rowy POL"]
[Date "2000.09.12"]
[Round "2"]
[White "Zhelesny,S"]
[Black "Klovans,J"]
[Result "1/2-1/2"]
[WhiteElo "2236"]
[BlackElo "2481"]

1.Nf3 d5 2.g3 Nf6 3.Bg2 e6 4.O-O Be7 5.d4 b5 6.a4 b4 7.a5 Nbd7 8.c4 bxc3
9.bxc3 Ba6 10.Re1 O-O 11.Bf4 c5 12.Nfd2 Rc8 13.e3 Re8 14.g4 h6 15.Bg3 Nf8
16.h3 Bd6 17.Bxd6 Qxd6 18.Nb3 N8d7 19.N1d2 cxd4 20.cxd4 Rc3 21.Rc1 Rec8 22.Rxc3 Rxc3
23.Qa1 Qb4 24.Rb1 Rc2 25.Rb2 Rxb2 26.Qxb2 Bc4 27.Qc2 g6 28.Bf1  1/2-1/2

[Event "chT-POL"]
[Site "Zakopane chT"]
[Date "2000.09.13"]
[Round "11"]
[White "Markowski,T"]
[Black "Zezulkin,J"]
[Result "1/2-1/2"]
[WhiteElo "2568"]
[BlackElo "2529"]

1.g3 d5 2.Nf3 g6 3.c4 d4 4.Bg2 Bg7 5.O-O c5 6.d3 Nc6 7.Na3 Nf6 8.Nc2 O-O
9.a3 a5 10.b3 Re8 11.Rb1 e5 12.b4 axb4 13.axb4 e4 14.Ng5 Bf5 15.bxc5 Qd7
16.Nb4 Nxb4 17.Rxb4 h6 18.Nxe4 Nxe4 19.dxe4 Bxe4 20.Bxe4 Rxe4 21.Qd3 Rae8
22.e3 R4e7 23.Qb3 h5 24.Qa4 Qc8 25.Rb5 h4 26.Qd1 dxe3 27.Bxe3 h3 28.Qd5 Rd8
29.Qf3 Rd3 30.Rb6 Bd4 31.Rd6 Qxc5 32.Rd8+ Kh7 33.Qg4 Rexe3 34.Qxh3+ Qh5 35.Qxh5+ gxh5
36.Rxd4 Rxg3+ 37.fxg3 Rxd4 38.Rxf7+ Kg6 39.Rc7 h4 40.Kg2 Rd2+ 41.Kh3 hxg3
42.hxg3 Rd4 43.Kg2 Kf5 44.Kf3 Rd3+ 45.Kg2 Rd4 46.Kf3 Rd3+  1/2-1/2

[Event "World Seniors"]
[Site "Rowy POL"]
[Date "2000.09.14"]
[Round "4"]
[White "Godes,D"]
[Black "Limberg,S"]
[Result "0-1"]
[WhiteElo "2344"]
[BlackElo "2147"]

1.Nf3 d5 2.g3 Nf6 3.Bg2 c6 4.O-O Bg4 5.Ne5 Bh5 6.d4 e6 7.Bg5 Be7 8.c4 Nbd7
9.Nxd7 Nxd7 10.Bxe7 Qxe7 11.Nc3 O-O 12.Qb3 Rab8 13.Rfe1 b5 14.c5 f5 15.e3 Qf6
16.f4 a5 17.a4 b4 18.Nb1 Qh6 19.Nd2 Nf6 20.Qd3 Ra8 21.Nf3 Bxf3 22.Bxf3 g5
23.Qe2 g4 24.Bg2 Kh8 25.Rf1 Rg8 26.Rf2 Ra7 27.Bf1 Rg6 28.Rg2 Qg7 29.Qc2 Qh6
30.Bd3 Qh5 31.Rf1 Ra8 32.Kf2 Rg7 33.Ke1 Qg6 34.Rh1 Raa7 35.Kd1 Ra8 36.Kc1 Raa7
37.Kb1 Ra8 38.Ka2 Raa7 39.Qe2 Kg8 40.Qf1 h5 41.h3 Rh7 42.Bc2 Qe8 43.Rgh2 Qc8
44.hxg4 hxg4 45.Rxh7 Rxh7 46.Rxh7 Kxh7 47.Qh1+ Kg7 48.Qh4 Qh8 49.Qg5+ Kf7
50.Bxf5 exf5 51.Qxf5 Qe8 52.Qd3 Qc8 53.f5 Ne4 54.Qf1 b3+ 55.Ka1 Qh8 56.Qd3 Nd2  0-1

[Event "World Seniors (Women)"]
[Site "Rowy POL"]
[Date "2000.09.18"]
[Round "7"]
[White "Fatalibekova,E"]
[Black "Mosionzhik,B"]
[Result "1-0"]
[WhiteElo "2255"]
[BlackElo "2163"]

1.Nf3 d5 2.g3 g6 3.Bg2 Bg7 4.O-O e5 5.d3 Ne7 6.Nbd2 c6 7.c3 O-O 8.e4 dxe4
9.dxe4 Qc7 10.b3 Rd8 11.Qc2 c5 12.Ba3 b6 13.Rfd1 Nbc6 14.Nf1 Be6 15.Ng5 Bg4
16.Rxd8+ Rxd8 17.Ne3 Qd7 18.h3 Be6 19.Rd1 Qc8 20.Nxe6 fxe6 21.Bf1 a6 22.Rxd8+ Nxd8
23.Qd3 b5 24.Bxc5 Qxc5 25.Qxd8+ Kf7 26.Qd3 h5 27.b4 Qb6 28.h4 Bh6 29.Nc2 Bc1
30.Na1 Bh6 31.Nb3 Qc6 32.Nc5 Bc1 33.Bh3 a5 34.Bxe6+ Kg7 35.Qd8  1-0

[Event "Banc Post Int"]
[Site "Miercurea Ciuc ROM"]
[Date "2000.09.20"]
[Round "5"]
[White "Badea,B"]
[Black "Manea,A"]
[Result "1-0"]
[WhiteElo "2480"]
[BlackElo "2302"]

1.Nf3 d5 2.g3 Nf6 3.Bg2 e6 4.O-O Be7 5.d3 c5 6.Nbd2 Nc6 7.e4 b6 8.Re1 Bb7
9.e5 Nd7 10.h4 Qc7 11.Qe2 h6 12.Nf1 O-O-O 13.N1h2 Rde8 14.c4 d4 15.Bd2 Bd8
16.a3 f6 17.exf6 gxf6 18.b4 e5 19.Bh3 Be7 20.b5 Na5 21.Rab1 Bd6 22.Bf5 Re7
23.h5 Rg8 24.Nh4 e4 25.Ng6 Re5 26.Nxe5 Bxe5 27.Bxe4 Bxe4 28.Qxe4  1-0

[Event "4NCL"]
[Site "Birmingham ENG"]
[Date "2000.09.23"]
[Round "1"]
[White "Deveraux,M"]
[Black "Baburin,A"]
[Result "0-1"]
[WhiteElo "2269"]
[BlackElo "2590"]

1.Nf3 d5 2.g3 Nf6 3.Bg2 g6 4.O-O Bg7 5.d3 O-O 6.Nbd2 c5 7.e4 Nc6 8.c3 e5
9.a4 h6 10.Qc2 Re8 11.Re1 b6 12.exd5 Nxd5 13.Nc4 Rb8 14.Bd2 a6 15.Nh4 Be6
16.Ne3 Qd7 17.f4 Rbd8 18.Nf3 Nxe3 19.Bxe3 exf4 20.Bxf4 Qxd3 21.Qxd3 Rxd3
22.Bc7 b5 23.axb5 axb5 24.Ra6 Ne7 25.Ne5 Rd2 26.b4 Nd5 27.Bd6 c4 28.Nf3 Rxg2+
29.Kxg2 Bxc3  0-1

[Event "TCh-FIN 00-01"]
[Site "FIN"]
[Date "2000.09.23"]
[Round "1"]
[White "Sepp,O"]
[Black "Solozhenkin,E"]
[Result "1-0"]
[WhiteElo "2448"]
[BlackElo "2506"]

1.Nf3 d5 2.g3 g6 3.Bg2 Bg7 4.O-O e5 5.d3 Ne7 6.e4 O-O 7.exd5 Nxd5 8.Re1 Nc6
9.Nc3 Nde7 10.Bd2 f6 11.Rb1 Be6 12.b4 Nf5 13.b5 Nce7 14.a4 Qd7 15.Ne4 b6
16.Bb4 Nd6 17.c4 Rad8 18.Qb3 Rfe8 19.Rbd1 Kh8 20.Qc2 Bg4 21.Nxd6 cxd6 22.d4 Qc7
23.h3 Bf5 24.Qc1 Be6 25.c5 bxc5 26.dxc5 d5 27.c6 Nc8 28.a5 Nd6 29.Bxd6 Rxd6
30.Qc5 Bf8 31.Ra1 a6 32.Qb6 Rc8 33.Qxa6 Rb8 34.Rec1 Bc8 35.b6 Bxa6 36.bxc7 Rc8
37.Bf1 Bxf1 38.Kxf1 Re6 39.a6 Ree8 40.a7 Ra8 41.Rcb1  1-0

[Event "World Seniors"]
[Site "Rowy POL"]
[Date "2000.09.23"]
[Round "11"]
[White "Zhelesny,S"]
[Black "Reichenbach,W"]
[Result "1/2-1/2"]
[WhiteElo "2236"]
[BlackElo "2310"]

1.Nf3 d5 2.g3 c6 3.Bg2 Bg4 4.d4 Nd7 5.Nbd2 Ngf6 6.O-O e6 7.b3 a5 8.c4 Be7
9.Bb2 O-O 10.Ne5 Bh5 11.h3 Bb4 12.a3 Bxd2 13.Qxd2 a4 14.b4 Bg6 15.Rac1 Nxe5
16.dxe5 Nd7 17.e4 Nb6 18.cxd5 cxd5 19.exd5 exd5 20.Bd4 Nc4 21.Qa2 b5 22.Rcd1 Qc8
23.Bc5 Re8 24.Rxd5 Bf5 25.Bd6 Be6 26.Rc5 Qd7 27.Bc6 Qd8 28.Bxe8 Nxd6 29.Bxf7+ Kxf7  1/2-1/2

[Event "World Seniors"]
[Site "Rowy POL"]
[Date "2000.09.23"]
[Round "11"]
[White "Godes,D"]
[Black "Shestoperov,A"]
[Result "0-1"]
[WhiteElo "2344"]
[BlackElo "2428"]

1.Nf3 d5 2.g3 Bg4 3.Bg2 Nd7 4.c4 e6 5.cxd5 exd5 6.O-O c6 7.d4 Bd6 8.Qd3 Ngf6
9.Nh4 Be6 10.Nf5 Bxf5 11.Qxf5 O-O 12.Qd3 Re8 13.Nc3 Qe7 14.Bg5 h6 15.Bd2 Rad8
16.e3 Ne4 17.Rfd1 h5 18.Nxe4 dxe4 19.Qe2 Nf6 20.Rab1 Qe6 21.a3 h4 22.b4 hxg3
23.fxg3 Nd5 24.Qh5 g6 25.Qh6 Rd7 26.Qh3 f5 27.Bf1 Rh7 28.Qg2 g5 29.b5 Kh8
30.bxc6 bxc6 31.Rdc1 Bb8 32.Rc5 Qd7 33.Rbc1 Rh6 34.Bc4 f4 35.Bxd5 cxd5 36.Be1 fxe3
37.Qe2 Rf8 38.Bb4 Qh3 39.Qg2 Qxg2+ 40.Kxg2 Rf2+ 41.Kg1 Rfxh2  0-1

[Event "WJun"]
[Site "Yerevan ARM"]
[Date "2000.09.23"]
[Round "5"]
[White "Aronian,L"]
[Black "Svetushkin,D"]
[Result "1-0"]
[WhiteElo "2551"]
[BlackElo "2472"]

1.Nf3 d5 2.g3 Nf6 3.Bg2 Bf5 4.c4 c6 5.cxd5 cxd5 6.Qb3 Qc8 7.Nc3 e6 8.d3 Nc6
9.Bf4 Be7 10.O-O O-O 11.Rac1 Qd7 12.h3 h6 13.Rfd1 Bh7 14.e4 Na5 15.Qc2 Rfc8
16.Ne5 Qd8 17.Qe2 Nc6 18.exd5 exd5 19.d4 Bf5 20.Be3 Bb4 21.Qb5 Bxc3 22.bxc3 Na5
23.c4 a6 24.Qb4 Nxc4 25.Nxc4 dxc4 26.Rxc4 Rxc4 27.Qxc4 Be4 28.Bxe4 Nxe4 29.d5 Nd6
30.Qg4 Qc8 31.Qb4 Nc4 32.d6 Nxe3 33.d7 Qc7 34.Qf4 Qb6 35.Rc1 Rd8 36.Rc8 Nd1
37.Qd2 Kf8 38.Rxd8+ Qxd8 39.Qd6+ Kg8 40.Qxd1 b6 41.Qd5 Kf8 42.Qd6+ Kg8 43.Kf1 f6
44.f4 Kf7 45.f5 b5 46.Ke2 Qe7+ 47.Qe6+ Kf8 48.Kd3 a5 49.Kd4 Qb4+ 50.Kd5 Qc4+
51.Kd6 Qd4+ 52.Kc6 Qc3+ 53.Kb6  1-0

[Event "V ECC Women"]
[Site "Halle GER"]
[Date "2000.09.24"]
[Round "1"]
[White "Kononenko,T"]
[Black "Khusnutdinova,L"]
[Result "1/2-1/2"]
[WhiteElo "2354"]
[BlackElo "2209"]

1.Nf3 d5 2.g3 Nf6 3.Bg2 c6 4.b3 Bf5 5.Bb2 e6 6.O-O Nbd7 7.d3 h6 8.Nbd2 Be7
9.c4 O-O 10.Qc2 Bh7 11.a3 a5 12.Rfe1 b5 13.cxb5 cxb5 14.Bd4 Bd6 15.Qb2 Qb8
16.Bxf6 Nxf6 17.e4 dxe4 18.Nxe4 Be7 19.Nd4 Qb6 20.Rac1 Rac8 21.Nf3 Rxc1 22.Qxc1 Rd8
23.Ne5 Kf8 24.a4 Nd5 25.axb5 Qxb5 26.Qc4 Qxc4 27.dxc4 Nb4 28.Bf1 Nc2 29.Re2 Nd4
30.Re3 f6 31.Nd3 Nxb3 32.Nf4 Nd4 33.Nc3 Kf7 34.Bh3 e5 35.Nfd5 Bc5 36.Bg4 Rb8
37.Re1 Bd3 38.Na4 Bb4 39.Rc1 Ba3 40.Ra1 Bxc4 41.Ne3 Bd3 42.Rxa3 Rb1+ 43.Kg2 Be4+
44.f3 Bc6 45.Ra2 Rb3 46.Kf2  1/2-1/2

[Event "V ECC Women"]
[Site "Halle GER"]
[Date "2000.09.25"]
[Round "2"]
[White "Prudnikova,S"]
[Black "Stjazhkina,O"]
[Result "1-0"]
[WhiteElo "2428"]
[BlackElo "2337"]

1.Nf3 d5 2.g3 Bg4 3.Bg2 c6 4.d4 Nd7 5.O-O e6 6.Nbd2 Ngf6 7.Re1 Be7 8.e4 dxe4
9.Nxe4 O-O 10.c3 Qb6 11.Qe2 Rad8 12.h3 Bh5 13.Nxf6+ Nxf6 14.g4 Bg6 15.Ne5 Nd5
16.c4 Nf6 17.Be3 Qc7 18.Red1 Bd6 19.Bf4 Nd7 20.h4 Bxe5 21.Bxe5 Nxe5 22.Qxe5 Qxe5
23.dxe5 f6 24.exf6 gxf6 25.c5 Bd3 26.Bf3 Bc4 27.b3 Rxd1+ 28.Rxd1 Bd5 29.Be2 Kf7
30.f4 Ke7 31.Kf2 h6 32.Ke3 e5 33.Bf3 Rd8 34.fxe5 fxe5 35.Be4 Ke6 36.b4 Rg8
37.Bf5+ Ke7 38.a4 b6 39.cxb6 axb6 40.a5 bxa5 41.bxa5 Ra8 42.Ra1 Kd6 43.a6 Kc7
44.Bd3 Rg8 45.Rg1 c5 46.Bf5 Rb8 47.Rd1 Rb3+ 48.Kf2 Rb2+ 49.Ke3 Rb3+ 50.Kf2 Rb2+
51.Ke1 Bc6 52.h5 Rh2 53.a7 e4 54.Rd7+ Kb6 55.Rd6 Rh1+ 56.Kf2 e3+ 57.Kxe3 Re1+
58.Kf2 Re8 59.Rxc6+ Kxc6  1-0

[Event "WJun"]
[Site "Yerevan ARM"]
[Date "2000.09.26"]
[Round "8"]
[White "Kallio,H"]
[Black "Arutunian,D"]
[Result "1/2-1/2"]
[WhiteElo "2451"]
[BlackElo "2309"]

1.Nf3 d5 2.g3 c6 3.Bg2 Bg4 4.O-O Nd7 5.d3 Ngf6 6.Nbd2 e5 7.e4 dxe4 8.dxe4 Qc7
9.h3 Bh5 10.Qe1 Bc5 11.b3 O-O 12.Bb2 b5 13.Kh1 Bxf3 14.Nxf3 Rfe8 15.Rd1 a5
16.Nh4 Nf8 17.f4 N6d7 18.Nf5 Ne6 19.Qe2 Bf8 20.Qg4 g6 21.Ne3 Bc5 22.f5 Nef8
23.fxg6 hxg6 24.Nf5 Nf6 25.Nh6+ Kg7 26.Rxf6 Kxf6 27.Qf4+ Kg7 28.Ng4 Kg8 29.Bxe5 Rxe5
30.Qxe5 Qxe5 31.Nxe5 a4 32.Nxc6 axb3 33.axb3 Ra2 34.Nd4 Bxd4 35.Rxd4 Rxc2
36.Rd5 Ne6 37.Rxb5 Nd4 38.Rb8+ Kg7 39.h4 Rb2 40.b4 Nc6 41.Rb6 Nxb4 42.Kh2 Nd3
43.Rxb2 Nxb2 44.Bf1 Na4 45.Kg2 Kf6 46.Bd3 Nc5 47.Bb1 Ke5 48.Kf3 f5 49.exf5 gxf5
50.Ba2  1/2-1/2

[Event "It"]
[Site "Medellin COL"]
[Date "2000.09.28"]
[Round "3"]
[White "Agudelo,A"]
[Black "Pazos,P"]
[Result "1/2-1/2"]
[WhiteElo "2355"]
[BlackElo "2363"]

1.Nf3 d5 2.g3 c5 3.c4 d4 4.Ne5 f6 5.Qa4+ Nd7 6.Nd3 e5 7.b4 b5 8.Qxb5 Rb8
9.Qa4 Bb7 10.Rg1 cxb4 11.a3 a5 12.Bh3 Qc7 13.axb4 axb4 14.Nxb4 Bxb4 15.Bxd7+ Qxd7
16.Qxb4 Ne7 17.Na3 O-O 18.Nb5 Bc6 19.Ba3 Nf5 20.g4 Nh4 21.Qd6 Bxb5 22.cxb5 Qxb5
23.f3 d3 24.Kf2 Qc4 25.Qxd3 Qxd3 26.exd3 Rfd8 27.Bc5 Rxd3 28.Be3 Rbd8 29.Kg3 Ng6
30.h4 Ne7 31.Ra7 R8d7 32.Ra5 h5 33.gxh5 Kf7 34.Kf2 Nf5 35.Rg4 Rb3 36.Ra2 Rb8
37.f4 Rb4 38.Kf3 exf4 39.Rxf4 Rb5 40.Rfa4 Nxe3 41.Ra7 Rxa7 42.Rxa7+ Kg8 43.dxe3 Rxh5
44.Kg4 Rb5 45.e4 Kh7 46.Kf4 Rb1 47.Re7 Ra1 48.Kg4 Kg6 49.Re8 Re1 50.Kf4 Rf1+
51.Kg4 Kf7 52.Ra8 Ke6 53.Ra5 g6 54.Rb5 Rc1 55.Kf4  1/2-1/2

[Event "It"]
[Site "Medellin COL"]
[Date "2000.10.02"]
[Round "7"]
[White "Agudelo,A"]
[Black "Cuartas,J"]
[Result "0-1"]
[WhiteElo "2355"]
[BlackElo "2356"]

1.Nf3 d5 2.g3 Nf6 3.Bg2 Bg4 4.O-O Nbd7 5.d3 e6 6.Nbd2 Be7 7.e4 O-O 8.Qe2 h6
9.Re1 Re8 10.h3 Bh5 11.e5 Nh7 12.Nf1 Ng5 13.g4 Nxf3+ 14.Bxf3 Bg6 15.Bg2 c6
16.Nh2 f6 17.f4 fxe5 18.fxe5 Qb6+ 19.Kh1 Bh4 20.Rf1 Bg3 21.Nf3 Rf8 22.a4 Rf7
23.b3 Raf8 24.Be3 Qc7 25.d4 Qd8 26.c4 Be4 27.Nd2 Bxg2+ 28.Kxg2 Bf4 29.cxd5 cxd5
30.Bxf4 Rxf4 31.Rxf4 Rxf4 32.Qd3 Qb6 33.Nf3 Qc7 34.Ra2 Nb8 35.Qd2 Qf7 36.Qc3 Nc6
37.Rf2 Nxd4 38.Qxd4 Rxd4 39.Nxd4 Qc7 40.Nxe6 Qc5 41.Nf4 d4 42.Rf3 Qxe5 43.Nd3 Qd5
44.Nf4 Qg5 45.Kg3 Qe5 46.Kg2 g5 47.Nd3 Qd5 48.Nb4 Qe6  0-1

[Event "1st European Rapid Ch"]
[Site "Neum BIH"]
[Date "2000.10.02"]
[Round "4"]
[White "Dizdarevic,E"]
[Black "Greenfeld,A"]
[Result "0-1"]
[WhiteElo "2527"]
[BlackElo "2574"]

1.Nf3 d5 2.g3 g6 3.Bg2 Bg7 4.d4 Nf6 5.O-O O-O 6.Be3 c5 7.dxc5 Ng4 8.Bc1 Na6
9.Ne1 Nxc5 10.Qxd5 Qb6 11.Nc3 Rd8 12.Qf3 Ne5 13.Qf4 Ne6 14.Qa4 Nd4 15.e3 Ndc6
16.f4 Ng4 17.Qb3 Qa6 18.Qb5 Qb6 19.Qxb6 axb6 20.Nd5 b5 21.Nd3 Be6 22.Nc7 Rxa2
23.Rxa2 Bxa2 24.h3 Nf6 25.Nc5 Rc8 26.Nxb5 Bc4 27.Nxb7 Bxb5 28.Rd1 Nb4 29.c3 Na2
30.Bd2 Ba6 31.Ra1 Bxb7 32.Bxb7 Rb8 33.Rxa2 Rxb7 34.Ra8+ Bf8 35.b4 Nd7 36.e4 Nb6
37.Re8 f6 38.f5 Kf7 39.Rd8 Nc4 40.Be1 Nd6 41.fxg6+ hxg6 42.e5 fxe5 43.Kf1 Bg7  0-1

[Event "Cup Rectora"]
[Site "Kharkov UKR"]
[Date "2000.10.03"]
[Round "3"]
[White "Itkis,B"]
[Black "Bets,A"]
[Result "1-0"]
[WhiteElo "2384"]
[BlackElo "2361"]

1.Nf3 d5 2.g3 e6 3.Bg2 Nf6 4.O-O Be7 5.c4 O-O 6.b3 c5 7.cxd5 Nxd5 8.Bb2 Nc6
9.Nc3 Bf6 10.Qc1 Nde7 11.Na4 Bxb2 12.Qxb2 b6 13.Rfd1 Bb7 14.d4 cxd4 15.Nxd4 Qb8
16.Nxc6 Bxc6 17.Bxc6 Nxc6 18.Rac1 Rd8 19.Qc3 Rxd1+ 20.Rxd1 Qe8 21.Qc4 h6
22.Nc3 Rc8 23.Ne4 Ne7 24.Qa6 Qc6 25.Qxa7 Qxe4 26.Qxe7 Qxe2 27.Rd8+ Rxd8 28.Qxd8+ Kh7
29.Qxb6 Qxa2 30.h3 g5 31.b4 h5 32.Qc5 Kg6 33.b5 Qb1+ 34.Kh2 h4 35.gxh4 gxh4
36.b6 Qe4 37.Qb5 Qf4+ 38.Kg1 Qc1+ 39.Kg2 Qf4 40.Qb1+ f5 41.b7 Qb8 42.f4 Kf7
43.Kf3 Ke7 44.Qb6 Kd7 45.Ke3 Ke7 46.Kd3 Kf7 47.Kc2 Kf6 48.Kb3 Kf7 49.Qc6 Qxf4
50.Qd7+ Kg6 51.Qe8+ Kf6 52.Qd8+ Kf7 53.b8=Q Qc1 54.Kb4 Qb2+ 55.Kc5 Qc3+ 56.Kb6 Qb4+
57.Kc7 Qc4+ 58.Kd7 Qa4+ 59.Kc8  1-0